| 000 | 00438nam a2200157 a 4500 | ||
|---|---|---|---|
| 005 | 20140412111315.0 | ||
| 008 | 001113s19uu xx 00 eng d | ||
| 020 | _a0-307-00124-5 | ||
| 050 |
_aER _bAl11 1992 |
||
| 245 |
_aAladdin / _cadapted by Karen Kreider ; illustrated by Darrel Baker. |
||
| 260 |
_aNew York : _bA Golden Book, _c1992. |
||
| 300 | _a[23] p. ; ill. | ||
| 650 | _aFairy tales | ||
| 650 | _aFolklore | ||
| 999 |
_c104185 _d104185 |
||